000 00597nam a2200241Ia 4500
003 OSt
005 20221005034909.0
006 a|||||r|||| 00| 0
007 ta
008 221004b |||||||| |||| 00| 0 eng d
024 _a70492
037 _cTextual
040 _aCRL
_cCRL
_beng
041 _2eng
_aeng
082 _aY5923:3, M6
100 _aRangachari K
245 0 _aSri Vaishnava brahmans
260 _aDelhi
_bGian India
_c1986
300 _av,158p
_ccm.
650 _aSOCIOLOGY
942 _hY5923:3, M6
_cTEXL
_2cc
999 _c944275
_d944275